000
00192nam a22000857a 4500
008
170626b xxu||||| |||| 00| 0 eng d
100
_9
3682
_a
Malik. K
245
_a
Selected letters
260
_a
Delhi
999
_c
7098
_d
7098